000 00622nam a2200241Ia 4500
008 180523s9999 xx 000 0 und d
020 _a0-07-123730-5
050 _aMAIN QA 39.3
050 _b.R67 2003 c.1
100 _aRosen, Kenneth H.
245 0 _aDiscrete mathematics and its applications /
245 0 _cKenneth H. Rosen.
250 _aInt'l Ed.
260 _aCanada :
260 _bMcGraw-Hill,
260 _c2004
300 _a787 pages :
300 _billustrations ;
300 _c24 cm.
500 _aIncludes index.
650 _aMathematics.
650 _xComputer sciences -- Mathematics.
999 _c357471
_d357471